| 000 | 00592nam a2200229Ia 4500 | ||
|---|---|---|---|
| 003 | OSt | ||
| 005 | 20220918223437.0 | ||
| 006 | a|||||r|||| 00| 0 | ||
| 007 | ta | ||
| 008 | 220917b |||||||| |||| 00| 0 eng d | ||
| 024 | _a222,658 | ||
| 037 | _cTextual | ||
| 040 |
_aARTS _cARTS _beng |
||
| 041 |
_2eng _aeng |
||
| 082 | _aR34, P2 | ||
| 100 |
_aLandesman Charles _919148 |
||
| 245 | 0 |
_aSkepticism _b the central issues |
|
| 260 |
_aU.K. _bBlackwell pub. _c2002 |
||
| 300 |
_ax,210p. _ccm. |
||
| 942 |
_hR34, P2 _cTEXL _2CC |
||
| 999 |
_c278463 _d278463 |
||